<?xml version="1.0" encoding="UTF-8"?>
<collection xmlns="http://www.loc.gov/MARC21/slim">
  <record>
    <leader>00000nam  2200000   4500</leader>
    <controlfield tag="001">INLIS000000000015890</controlfield>
    <controlfield tag="005">20231024022111</controlfield>
    <datafield tag="035" ind1="#" ind2="#">
      <subfield code="a">0010-0923000131</subfield>
    </datafield>
    <controlfield tag="007">ta</controlfield>
    <controlfield tag="008">231024################|##########|#|##</controlfield>
    <datafield tag="084" ind1="#" ind2="#">
      <subfield code="a">R 90 PIM I 2022</subfield>
    </datafield>
    <datafield tag="100" ind1=" " ind2="#">
      <subfield code="a">Muhammad Niel El Himam</subfield>
    </datafield>
    <datafield tag="245" ind1="1" ind2="#">
      <subfield code="a">Strategi Peningkatan Nilai Tambah Produk Ekonomi Kreatif Melalui Pemanfaatan Aset Kekayaan Intelektual /</subfield>
      <subfield code="c">Muhammad Neil El Himam</subfield>
    </datafield>
    <datafield tag="250" ind1="#" ind2="#">
      <subfield code="a">1</subfield>
    </datafield>
    <datafield tag="260" ind1="#" ind2="#">
      <subfield code="a">Jakarta :</subfield>
      <subfield code="b">Pusbangkom Pimnas dan Manajerial ASN,</subfield>
      <subfield code="c">2022</subfield>
    </datafield>
    <datafield tag="300" ind1="#" ind2="#">
      <subfield code="a">27 halaman :</subfield>
      <subfield code="b">ilus ;</subfield>
      <subfield code="c">30 cm</subfield>
    </datafield>
    <datafield tag="650" ind1="#" ind2="4">
      <subfield code="a">Transformasi Digital</subfield>
    </datafield>
    <datafield tag="520" ind1="#" ind2="#">
      <subfield code="a">Pemanfaatan Hak Kekayaan Intelektual (HKI) sebagai perwujudan implementasi Peraturan Pemerintah Nomor 24 Tahun 2022 tentang Peraturan Pelaksanaan Undang-Undang Nomor 24 Tahun 2019 tentang Ekonomi Kreatif (PP 24/2022) masih menghadapi tantangan yang harus diatasi. Tantangan pertama adalah tentang pemahaman pentingnya HKI masih rendah dikalangan masyarakat luas dan pelaku ekonomi kreatif di Indonesia. Selain itu pemasaran produk ekonomi kreatif berbasis KI juga belum berjalan optimal. Hal ini bermuara pada permasalahan pokok tentang nilai tambah produk ekonomi kreatif yang masih rendah.</subfield>
    </datafield>
    <datafield tag="990" ind1="#" ind2="#">
      <subfield code="a">90</subfield>
    </datafield>
  </record>
</collection>
